Las cuevas del cementerio / (Record no. 178025)

MARC details
000 -LEADER
campo de control de longitud fija 01034nam a2200277 i 4500
001 - NÚMERO DE CONTROL
campo de control 178025
003 - IDENTIFICADOR DE NÚMERO DE CONTROL
campo de control ES-MaACL
005 - FECHA Y HORA DE LA ÚLTIMA TRANSACCIÓN
campo de control 20231218150758.0
008 - DATOS DE LONGITUD FIJA--INFORMACIÓN GENERAL
campo de control de longitud fija 110512s2003 sp |||| | spa d
016 ## - NÚMERO DE CONTROL DE UNA AGENCIA BIBLIOGRÁFICA NACIONAL
Fuente AL-96-2003
020 ## - NÚMERO INTERNACIONAL ESTÁNDAR DEL LIBRO
Número Internacional Estándar del Libro 8481082805
080 ## - NÚMERO DE LA CLASIFICACIÓN DECIMAL UNIVERSAL
Número de la Clasificación Decimal Universal 821.134.2-31"19"
100 1# - ENTRADA PRINCIPAL--NOMBRE DE PERSONA
Nombre de persona Siles, Manuel,
Fechas asociadas al nombre 1921-1984
9 (RLIN) 106340
245 14 - MENCIÓN DEL TÍTULO
Título Las cuevas del cementerio /
Mención de responsabilidad, etc. Manuel Siles Artés ; prólogo, edición y notas, Antonio Fernández Gil "Kayros".
260 ## - PUBLICACIÓN, DISTRIBUCIÓN, ETC.
Lugar de publicación, distribución, etc. Almería :
Nombre del editor, distribuidor, etc. Instituto de Estudios Almerienses,
Fecha de publicación, distribución, etc. 2003.
300 ## - DESCRIPCIÓN FÍSICA
Extensión 320 p. :
Otras características físicas 1 fot. ;
Dimensiones 21 cm.
490 1# - MENCIÓN DE SERIE
Mención de serie Creación literaria ;
Designación de volumen o secuencia 27
700 1# - ENTRADA AGREGADA--NOMBRE PERSONAL
Nombre de persona Fernández Gil, Antonio.
9 (RLIN) 146510
710 2# - ENTRADA AGREGADA--NOMBRE DE ENTIDAD CORPORATIVA
Nombre de entidad corporativa o nombre de jurisdicción como elemento de entrada Instituto de Estudios Almerienses.
9 (RLIN) 4887
830 0# - PUNTO DE ACCESO ADICIONAL DE SERIE-TÍTULO UNIFORME
Título uniforme Creación literaria ;
Designación de volumen o secuencia 27
9 (RLIN) 178462
852 ## - LOCALIZACIÓN
Ubicación ES-MaACL
itemnumber 184884
Sublocalización o colección R.146375
Número de control de estantería A-11166
Signatura antigua Olim: N-4171
Ubicación en estantería Depósito 1
Encuadernación Donación: José Siles Artes
903 ## - NOMBRE PERSONAL DE DONANTE
a Siles Artés, José,
d 1930-
e Donante
9 106341
942 ## - ELEMENTOS DE ENTRADA SECUNDARIOS (KOHA)
Fuente del sistema de clasificación o colocación Clasificación decimal universal
Tipo de ítem Koha Libro impreso
Holdings
Estatus retirado Estado de pérdida Fuente del sistema de clasificación o colocación Estado de daño No para préstamo Biblioteca de origen Biblioteca actual Ubicación en estantería Fecha de adquisición Fuente de adquisición Número de control de estantería Total de préstamos Signatura topográfica completa Código de barras Visto por última vez Precio de reemplazo Tipo de ítem Koha
    Clasificación decimal universal     Biblioteca del Ateneo de Madrid Biblioteca del Ateneo de Madrid Depósito 1 12/05/2011 Donación 1   A-11166 1187017 23/02/2023 23/02/2023 Libro impreso